000 00348nam a22001217a 4500
020 _a130404462
082 _222
_a005.72
100 _aGardner, John Robert and Rendon, Zarella L.
245 _aXSLT and XPATH :
_ba guide to XML Transformations /
260 _aUSA,
_bPrentice Hall
_cc2002.
300 _axxii, 558p. ;
_bill. ;
_c24 cm.
942 _2ddc
_cIT
999 _c2866
_d2866